00425nam a2200121Ia 4500008004100000041000800041082001500049100002000064245015100084260003200235300001900267999001700286241015s9999 xx 000 0 und d aeng a332.64 LAR aLarcher Gerhard aThe Art Of Quantitative Finance Vol.2: Volatilities, Stochastic Analysis And Valuation Tools Volatilities, Stochastic Analysis And Valuation Tools bSpringeraSwitzerlandc2023 a353;. P. 24 cm c41635d41635